| 000 | 00468cam a2200181 i 4500 | ||
|---|---|---|---|
| 020 | _a0471171166 | ||
| 020 | _a9780471171164 | ||
| 040 | _cDLC | ||
| 082 | _a574 WIL 1977 A028 Or. | ||
| 100 | 1 | _aCooper, Terrance G., | |
| 245 | 1 | 4 | _aThe tools of biochemistry / |
| 260 |
_aNew York : _bWiley, _cc1977. |
||
| 300 |
_axv, 423 p. : _bill. ; _c24 cm. |
||
| 500 | _a"A Wiley-Interscience publication." | ||
| 650 | 0 | _aBiochemistry | |
| 650 | 2 | _aBiochemistry | |
| 942 | _cEK | ||
| 999 |
_c12975 _d12975 |
||